[Event "DEM U12 2019"]
[Site "Willingen GER"]
[Date "2019.06.12"]
[Round "5"]
[White "Heinrich, John"]
[Black "Reichmann, Felix"]
[Result "0-1"]
[Termination "normal"]
[Board "11"]
[WhiteElo "1695"]
[BlackElo "1725"]
[WhiteClock "00:26:15"]
[BlackClock "00:45:53"]
[PlyCount "110"]
[WhiteFideId "16259491"]
[BlackFideId "16238290"]
[EventCountry "GER"]
[EventRounds "9"]
[EventType "swiss"]
[EventDate "2019.06.08"]

1. e4 {[%clk 1:30:55]} 1... c5 {[%clk 1:30:57]} 2. Nf3 {[%clk 1:31:09]} 2...
Nc6 {[%clk 1:31:23]} 3. d4 {[%clk 1:31:16]} 3... cxd4 {[%clk 1:31:48]} 4. Nxd4
{[%clk 1:31:31]} 4... g6 {[%clk 1:32:14]} 5. c4 {[%clk 1:31:41]} 5... Bg7 {
[%clk 1:32:35]} 6. Be3 {[%clk 1:31:59]} 6... Qb6 {[%clk 1:32:44]} 7. Nb3 {
[%clk 1:26:43]} 7... Qc7 {[%clk 1:32:55]} 8. Nc3 {[%clk 1:26:05]} 8... Bxc3+ {
[%clk 1:32:40]} 9. bxc3 {[%clk 1:26:28]} 9... Nf6 {[%clk 1:33:07]} 10. f3 {
[%clk 1:22:51]} 10... O-O {[%clk 1:32:44]} 11. Be2 {[%clk 1:18:24]} 11... d6 {
[%clk 1:32:35]} 12. Nd4 {[%clk 1:15:09]} 12... b6 {[%clk 1:32:33]} 13. h4 {
[%clk 1:12:07]} 13... Nh5 {[%clk 1:31:11]} 14. Kf2 {[%clk 1:10:22]} 14... Nf6 {
[%clk 1:23:00]} 15. Bg5 {[%clk 1:03:57]} 15... Ne5 {[%clk 1:22:30]} 16. h5 {
[%clk 0:46:38]} 16... Qc5 {[%clk 1:18:33]} 17. Be3 {[%clk 0:41:44]} 17... Nxc4
{[%clk 1:14:56]} 18. Bxc4 {[%clk 0:41:17]} 18... Qxc4 {[%clk 1:15:20]} 19. hxg6
{[%clk 0:40:53]} 19... fxg6 {[%clk 1:15:42]} 20. Kg1 {[%clk 0:38:54]} 20... Bd7
{[%clk 1:09:04]} 21. Qe1 {[%clk 0:37:45]} 21... Rac8 {[%clk 1:09:00]} 22. Rc1 {
[%clk 0:34:10]} 22... Qxa2 {[%clk 1:05:34]} 23. Qh4 {[%clk 0:32:07]} 23... Rf7
{[%clk 1:01:55]} 24. Qg3 {[%clk 0:28:38]} 24... Qa5 {[%clk 1:00:14]} 25. Qe1 {
[%clk 0:24:32]} 25... Nh5 {[%clk 0:53:25]} 26. Ne2 {[%clk 0:21:01]} 26... e5 {
[%clk 0:53:21]} 27. Qd2 {[%clk 0:20:38]} 27... Bb5 {[%clk 0:53:28]} 28. Kf2 {
[%clk 0:18:11]} 28... Bxe2 {[%clk 0:52:49]} 29. Qxe2 {[%clk 0:18:26]} 29... Nf6
{[%clk 0:49:22]} 30. Kg3 {[%clk 0:17:52]} 30... d5 {[%clk 0:48:26]} 31. exd5 {
[%clk 0:17:17]} 31... Nxd5 {[%clk 0:46:14]} 32. Bd2 {[%clk 0:17:07]} 32... Ne7
{[%clk 0:45:45]} 33. Ra1 {[%clk 0:16:01]} 33... Nf5+ {[%clk 0:46:05]} 34. Kh2 {
[%clk 0:15:54]} 34... Qd5 {[%clk 0:45:32]} 35. Rhd1 {[%clk 0:15:00]} 35... Qc5
{[%clk 0:39:57]} 36. Rac1 {[%clk 0:14:37]} 36... Kg7 {[%clk 0:39:57]} 37. Qe4 {
[%clk 0:14:18]} 37... h6 {[%clk 0:37:02]} 38. Re1 {[%clk 0:12:38]} 38... Re7 {
[%clk 0:37:04]} 39. Qe2 {[%clk 0:08:49]} 39... Qc4 {[%clk 0:35:24]} 40. Qe4 {
[%clk 0:07:52]} 40... a5 {[%clk 0:25:42]} 41. Rb1 {[%clk 0:07:28]} 41... Qxe4 {
[%clk 0:20:36]} 42. Rxe4 {[%clk 0:04:57]} 42... Nd6 {[%clk 0:20:52]} 43. Re2 {
[%clk 0:04:12]} 43... b5 {[%clk 0:20:43]} 44. Kg3 {[%clk 0:00:45]} 44... a4 {
[%clk 0:19:39]} 45. Kf2 {[%clk 0:00:43]} 45... Kf6 {[%clk 0:19:02]} 46. Be1 {
[%clk 0:29:05]} 46... g5 {[%clk 0:48:19]} 47. g4 {[%clk 0:29:13]} 47... Rc4 {
[%clk 0:47:15]} 48. Kg3 {[%clk 0:29:14]} 48... Ke6 {[%clk 0:47:13]} 49. Ra1 {
[%clk 0:28:59]} 49... Rf7 {[%clk 0:47:16]} 50. Bd2 {[%clk 0:28:54]} 50... Rf6 {
[%clk 0:46:17]} 51. Ree1 {[%clk 0:28:45]} 51... Rc5 {[%clk 0:46:08]} 52. Re2 {
[%clk 0:28:37]} 52... Rd5 {[%clk 0:46:30]} 53. Ra2 {[%clk 0:28:08]} 53... Nc4 {
[%clk 0:46:19]} 54. Be1 {[%clk 0:26:52]} 54... Rd3 {[%clk 0:45:54]} 55. Rf2 {
[%clk 0:26:15]} 55... Kd5 {[%clk 0:45:53]} 0-1

[Event "DEM U12 2019"]
[Site "Willingen GER"]
[Date "2019.06.12"]
[Round "5"]
[White "Hecht, Jonas Christian"]
[Black "Schreidl, Michael"]
[Result "1-0"]
[Termination "normal"]
[Board "12"]
[WhiteElo "1726"]
[BlackElo "1586"]
[WhiteClock "00:38:37"]
[BlackClock "00:28:54"]
[PlyCount "71"]
[WhiteFideId "16214846"]
[BlackFideId "16265750"]
[EventCountry "GER"]
[EventRounds "9"]
[EventType "swiss"]
[EventDate "2019.06.08"]

1. c4 {[%clk 1:30:55]} 1... e6 {[%clk 1:30:55]} 2. Nc3 {[%clk 1:31:18]} 2...
Nf6 {[%clk 1:31:19]} 3. g3 {[%clk 1:31:37]} 3... d5 {[%clk 1:31:39]} 4. d4 {
[%clk 1:32:00]} 4... c6 {[%clk 1:31:02]} 5. Bg2 {[%clk 1:30:17]} 5... Be7 {
[%clk 1:29:26]} 6. Nf3 {[%clk 1:28:37]} 6... Nbd7 {[%clk 1:26:01]} 7. O-O {
[%clk 1:27:34]} 7... O-O {[%clk 1:24:54]} 8. b3 {[%clk 1:27:07]} 8... Re8 {
[%clk 1:20:53]} 9. Bb2 {[%clk 1:24:23]} 9... Rb8 {[%clk 1:15:21]} 10. Qc2 {
[%clk 1:19:07]} 10... Bd6 {[%clk 1:10:46]} 11. Rad1 {[%clk 1:16:51]} 11... Qe7
{[%clk 1:03:08]} 12. c5 {[%clk 1:09:48]} 12... Bc7 {[%clk 1:03:27]} 13. e4 {
[%clk 1:09:52]} 13... dxe4 {[%clk 0:59:59]} 14. Nxe4 {[%clk 1:09:24]} 14...
Nxe4 {[%clk 1:00:08]} 15. Qxe4 {[%clk 1:09:42]} 15... Nf6 {[%clk 1:00:29]} 16.
Qc2 {[%clk 1:05:24]} 16... Nd5 {[%clk 0:58:10]} 17. Rfe1 {[%clk 1:02:22]} 17...
Ba5 {[%clk 0:49:46]} 18. Re2 {[%clk 1:00:43]} 18... Nb4 {[%clk 0:46:56]} 19.
Qd2 {[%clk 0:57:03]} 19... b6 {[%clk 0:42:32]} 20. a3 {[%clk 0:52:23]} 20...
Ba6 {[%clk 0:41:20]} 21. axb4 {[%clk 0:51:58]} 21... Bxe2 {[%clk 0:41:42]} 22.
Qxe2 {[%clk 0:52:24]} 22... Bxb4 {[%clk 0:41:44]} 23. Ne5 {[%clk 0:52:24]}
23... Rbc8 {[%clk 0:34:23]} 24. Nxc6 {[%clk 0:52:25]} 24... Rxc6 { [%clk
0:34:44]} 25. Bxc6 {[%clk 0:52:38]} 25... Rc8 {[%clk 0:34:58]} 26. Be4 { [%clk
0:52:03]} 26... bxc5 {[%clk 0:35:05]} 27. dxc5 {[%clk 0:51:54]} 27... Bxc5
{[%clk 0:34:19]} 28. Rc1 {[%clk 0:47:54]} 28... Qd8 {[%clk 0:33:26]} 29. Qh5
{[%clk 0:43:26]} 29... g6 {[%clk 0:32:18]} 30. Qe5 {[%clk 0:43:13]} 30... f6
{[%clk 0:30:51]} 31. Qxe6+ {[%clk 0:43:36]} 31... Kg7 {[%clk 0:31:14]} 32. Bd5
{[%clk 0:42:33]} 32... Qf8 {[%clk 0:30:33]} 33. Qd7+ {[%clk 0:42:10]} 33... Kh6
{[%clk 0:30:47]} 34. Rc4 {[%clk 0:40:48]} 34... g5 {[%clk 0:30:24]} 35. Rh4+
{[%clk 0:38:37]} 35... Kg6 {[%clk 0:28:54]} 36. Qxh7# 1-0

[Event "DEM U12 2019"]
[Site "Willingen GER"]
[Date "2019.06.12"]
[Round "5"]
[White "Breitkopf-Lazar, Patrick-Robert"]
[Black "Bolz, Jannis"]
[Result "1-0"]
[Termination "normal"]
[Board "13"]
[WhiteElo "1659"]
[BlackElo "1618"]
[WhiteClock "00:18:40"]
[BlackClock "00:28:09"]
[PlyCount "79"]
[WhiteFideId "16213742"]
[BlackFideId "16214897"]
[EventCountry "GER"]
[EventRounds "9"]
[EventType "swiss"]
[EventDate "2019.06.08"]

1. e4 {[%clk 1:30:57]} 1... e5 {[%clk 1:30:54]} 2. Nf3 {[%clk 1:31:23]} 2...
Nc6 {[%clk 1:31:19]} 3. Bc4 {[%clk 1:31:49]} 3... Bc5 {[%clk 1:31:44]} 4. O-O {
[%clk 1:32:13]} 4... Nf6 {[%clk 1:32:07]} 5. d3 {[%clk 1:32:36]} 5... h6 {
[%clk 1:32:14]} 6. c3 {[%clk 1:32:53]} 6... d6 {[%clk 1:32:37]} 7. Nbd2 { [%clk
1:32:35]} 7... a6 {[%clk 1:32:55]} 8. Bb3 {[%clk 1:32:59]} 8... Ba7 { [%clk
1:33:21]} 9. Re1 {[%clk 1:32:49]} 9... Be6 {[%clk 1:33:34]} 10. Nf1 { [%clk
1:32:32]} 10... Qd7 {[%clk 1:33:54]} 11. Be3 {[%clk 1:30:18]} 11... Bxb3 {[%clk
1:22:08]} 12. Qxb3 {[%clk 1:23:04]} 12... O-O {[%clk 1:21:24]} 13. Bxa7 {[%clk
1:23:04]} 13... Rxa7 {[%clk 1:21:46]} 14. d4 {[%clk 1:20:09]} 14... Re8 {[%clk
1:11:43]} 15. Ng3 {[%clk 1:14:35]} 15... Raa8 {[%clk 1:10:27]} 16. Rad1 {[%clk
1:11:57]} 16... b5 {[%clk 1:08:06]} 17. Qc2 {[%clk 1:00:08]} 17... Qg4 { [%clk
1:01:42]} 18. h3 {[%clk 0:59:17]} 18... Qg6 {[%clk 0:56:48]} 19. b3 { [%clk
0:52:51]} 19... Nh5 {[%clk 0:45:21]} 20. Nxh5 {[%clk 0:49:28]} 20... Qxh5
{[%clk 0:45:43]} 21. d5 {[%clk 0:45:03]} 21... Ne7 {[%clk 0:45:43]} 22. c4 {
[%clk 0:42:08]} 22... Rec8 {[%clk 0:44:32]} 23. Qd3 {[%clk 0:36:40]} 23... b4 {
[%clk 0:44:04]} 24. Nd2 {[%clk 0:33:24]} 24... Ng6 {[%clk 0:42:32]} 25. Qg3 {
[%clk 0:28:01]} 25... Nf4 {[%clk 0:42:16]} 26. Nf3 {[%clk 0:24:28]} 26... Rf8 {
[%clk 0:38:26]} 27. Qg4 {[%clk 0:23:31]} 27... f5 {[%clk 0:35:53]} 28. Qxh5 {
[%clk 0:23:17]} 28... Nxh5 {[%clk 0:36:14]} 29. Nd2 {[%clk 0:22:38]} 29... Nf4
{[%clk 0:34:53]} 30. exf5 {[%clk 0:22:03]} 30... Rxf5 {[%clk 0:35:16]} 31. Ne4
{[%clk 0:22:25]} 31... Raf8 {[%clk 0:35:01]} 32. f3 {[%clk 0:20:39]} 32... R5f7
{[%clk 0:32:14]} 33. Rd2 {[%clk 0:19:22]} 33... Nh5 {[%clk 0:29:27]} 34. c5 {
[%clk 0:17:26]} 34... Nf6 {[%clk 0:29:45]} 35. cxd6 {[%clk 0:17:39]} 35... Nxe4
{[%clk 0:29:55]} 36. Rxe4 36... cxd6 {[%clk 0:29:46]} 37. Rxb4 {[%clk 0:18:13]}
37... a5 {[%clk 0:29:30]} 38. Rb6 {[%clk 0:18:20]} 38... Rd7 {[%clk 0:29:49]}
39. Ra6 {[%clk 0:18:30]} 39... Rc8 {[%clk 0:28:09]} 40. Rxa5 {[%clk 0:18:40]}
1-0

[Event "DEM U12 2019"]
[Site "Willingen GER"]
[Date "2019.06.12"]
[Round "5"]
[White "Hoffmann, Kay"]
[Black "Guo, Philipp Ziming"]
[Result "1/2-1/2"]
[Termination "normal"]
[Board "14"]
[WhiteElo "1433"]
[BlackElo "1674"]
[WhiteClock "00:28:06"]
[BlackClock "00:08:50"]
[PlyCount "92"]
[WhiteFideId "16227000"]
[BlackFideId "16245199"]
[EventCountry "GER"]
[EventRounds "9"]
[EventType "swiss"]
[EventDate "2019.06.08"]

1. f4 {[%clk 1:30:58]} 1... d5 {[%clk 1:30:52]} 2. Nf3 {[%clk 1:31:22]} 2... g6
{[%clk 1:31:14]} 3. e3 {[%clk 1:30:54]} 3... Bg7 {[%clk 1:31:23]} 4. d4 { [%clk
1:30:47]} 4... Nh6 {[%clk 1:31:08]} 5. Bd3 {[%clk 1:30:46]} 5... Bf5 { [%clk
1:30:56]} 6. O-O {[%clk 1:30:40]} 6... O-O {[%clk 1:30:02]} 7. Qe2 { [%clk
1:29:53]} 7... Bxd3 {[%clk 1:27:10]} 8. Qxd3 {[%clk 1:30:16]} 8... f5 { [%clk
1:20:58]} 9. Nbd2 {[%clk 1:29:33]} 9... Nf7 {[%clk 1:17:22]} 10. Ne5 { [%clk
1:29:19]} 10... Nxe5 {[%clk 1:11:00]} 11. fxe5 {[%clk 1:29:34]} 11... e6 {[%clk
1:02:01]} 12. Nf3 {[%clk 1:27:40]} 12... Nd7 {[%clk 0:57:20]} 13. Bd2 { [%clk
1:27:22]} 13... Re8 {[%clk 0:55:02]} 14. Be1 {[%clk 1:25:35]} 14... g5 { [%clk
0:48:36]} 15. Qe2 {[%clk 1:18:28]} 15... Nf8 {[%clk 0:46:10]} 16. Bd2 { [%clk
1:16:10]} 16... Ng6 {[%clk 0:38:13]} 17. g3 {[%clk 1:14:37]} 17... Bf8 { [%clk
0:32:56]} 18. Rf2 {[%clk 0:56:32]} 18... Be7 19. Ne1 {[%clk 0:52:27]} 19... g4
{[%clk 0:27:14]} 20. Ng2 {[%clk 0:51:52]} 20... Kg7 {[%clk 0:24:12]} 21. Nf4
{[%clk 0:51:57]} 21... Nxf4 {[%clk 0:24:05]} 22. exf4 {[%clk 0:51:53]} 22... c5
{[%clk 0:22:07]} 23. Be3 {[%clk 0:50:37]} 23... Qb6 {[%clk 0:20:04]} 24. c3
{[%clk 0:50:44]} 24... c4 {[%clk 0:19:39]} 25. Qc2 {[%clk 0:50:08]} 25... Qc6
{[%clk 0:19:01]} 26. Rff1 {[%clk 0:49:55]} 26... b5 {[%clk 0:18:26]} 27. a3
{[%clk 0:48:47]} 27... a5 {[%clk 0:16:58]} 28. Rfb1 {[%clk 0:46:12]} 28... a4
29. Kg2 {[%clk 0:43:42]} 29... h5 {[%clk 0:16:09]} 30. Rh1 { [%clk 0:43:22]}
30... Rh8 {[%clk 0:14:56]} 31. Qe2 {[%clk 0:40:40]} 31... Rh6 { [%clk 0:14:06]}
32. Qd2 {[%clk 0:36:30]} 32... Rah8 {[%clk 0:14:12]} 33. Rae1 { [%clk 0:34:50]}
33... Qe8 {[%clk 0:13:54]} 34. Qd1 {[%clk 0:34:02]} 34... h4 { [%clk 0:13:03]}
35. Bd2 {[%clk 0:33:04]} 35... Qg6 {[%clk 0:11:50]} 36. Be3 { [%clk 0:33:05]}
36... hxg3 {[%clk 0:10:55]} 37. hxg3 {[%clk 0:33:29]} 37... Rh3 {[%clk
0:11:01]} 38. Bf2 {[%clk 0:31:52]} 38... Qh5 {[%clk 0:11:01]} 39. Reg1 { [%clk
0:28:50]} 39... Bd8 {[%clk 0:09:23]} 40. Qc1 {[%clk 0:27:54]} 40... Be7 { [%clk
0:08:40]} 41. Qd1 {[%clk 0:27:57]} 41... Bd8 {[%clk 0:08:32]} 42. Qc1 { [%clk
0:28:12]} 42... Rh2+ {[%clk 0:08:56]} 43. Rxh2 {[%clk 0:28:36]} 43... Qxh2+
{[%clk 0:09:13]} 44. Kf1 {[%clk 0:29:02]} 44... Qh3+ {[%clk 0:09:19]} 45. Ke2
{[%clk 0:29:03]} 45... Qh2 {[%clk 0:09:02]} 46. Qf1 {[%clk 0:28:06]} 46... Be7
{[%clk 0:08:50]} 1/2-1/2

[Event "DEM U12 2019"]
[Site "Willingen GER"]
[Date "2019.06.12"]
[Round "5"]
[White "Weyerer, Noah"]
[Black "Möller, Maurin"]
[Result "1/2-1/2"]
[Termination "normal"]
[Board "16"]
[WhiteElo "1320"]
[BlackElo "1686"]
[PlyCount "90"]
[WhiteFideId "16250664"]
[BlackFideId "16265696"]
[EventCountry "GER"]
[EventRounds "9"]
[EventType "swiss"]
[EventDate "2019.06.08"]

1. f4 d5 2. Nf3 Nf6 3. e3 Bg4 4. Be2 Bxf3 5. Bxf3 Nbd7 6. d3 e5 7. e4 d4 8. O-O
h6 9. fxe5 Nxe5 10. Bf4 Bd6 11. Bxe5 Bxe5 12. Nd2 O-O 13. Nc4 Nd7 14. Bg4 Re8
15. Bxd7 Qxd7 16. Rf5 f6 17. Qf3 Re7 18. Rf1 Rae8 19. b3 b5 20. Nxe5 Rxe5 21.
Qh5 Qf7 22. Qxf7+ Kxf7 23. R1f4 b4 24. g4 R8e6 25. Rxe5 Rxe5 26. Rf5 Ke6 27.
Kg2 g6 28. Rxe5+ Kxe5 29. Kf3 g5 30. Kg3 c5 31. Kf3 Ke6 32. Kg3 Kf7 33. Kf3 a6
34. Ke2 Kg6 35. Kf3 h5 36. e5 hxg4+ 37. Ke4 f5+ 38. Kd5 f4 39. Kd6 f3 40. e6 f2
41. e7 f1=Q 42. e8=Q+ Kg7 43. Qe7+ Kg6 44. Qe4+ Kg7 45. Qe7+ Kg6 1/2-1/2

[Event "DEM U12 2019"]
[Site "Willingen GER"]
[Date "2019.06.12"]
[Round "5"]
[White "Honstein, Michael"]
[Black "Amato, Cristiano"]
[Result "0-1"]
[Termination "normal"]
[Board "17"]
[WhiteElo "1378"]
[BlackElo "1800"]
[PlyCount "124"]
[WhiteFideId "16287053"]
[BlackFideId "12998460"]
[EventCountry "GER"]
[EventRounds "9"]
[EventType "swiss"]
[EventDate "2019.06.08"]

1. e4 c5 2. c4 Nc6 3. Nc3 g6 4. g3 Bg7 5. Bg2 d6 6. Nge2 Nf6 7. O-O O-O 8. d3
a6 9. Be3 Ng4 10. Bd2 Rb8 11. h3 Nf6 12. Be3 b5 13. cxb5 axb5 14. e5 Nxe5 15.
f4 Ned7 16. g4 b4 17. Na4 Bb7 18. g5 Nd5 19. Bd2 N5b6 20. Nxb6 Qxb6 21. Rb1 c4+
22. Kh2 Bxg2 23. Kxg2 cxd3 24. Ng3 Qc6+ 25. Kh2 Qc2 26. Qxc2 dxc2 27. Rbc1 Rfc8
28. b3 Bb2 29. Rce1 e6 30. Ne4 d5 31. Nf2 Bc3 32. Bxc3 Rxc3 33. Ng4 Ra8 34. Ra1
Rac8 35. Rac1 Ra8 36. Ra1 Nc5 37. Ne5 Nd3 38. Nxd3 Rxd3 39. Rfc1 Rc3 40. Kg2 d4
41. Kf2 d3 42. Ke1 Rc5 43. Kd2 Rd5 44. h4 Kg7 45. Re1 Kf8 46. Re3 Rc8 47. Rc1
Rcd8 48. Re4 Rd4 49. Rxd4 Rxd4 50. Rf1 Ke7 51. Rf3 f6 52. Rf1 f5 53. Rf3 Kd6
54. Rf1 Kd5 55. Rf3 Ke4 56. Rf1 Rd6 57. Rf2 Rc6 58. Rf1 c1=Q+ 59. Rxc1 Rxc1 60.
Kxc1 Ke3 61. Kd1 d2 62. Kc2 Ke2 0-1

[Event "DEM U12 2019"]
[Site "Willingen GER"]
[Date "2019.06.12"]
[Round "5"]
[White "Hänselmann, Hendrik"]
[Black "Morczynski, Joachim"]
[Result "1/2-1/2"]
[Termination "normal"]
[Board "18"]
[WhiteElo "1819"]
[BlackElo "1733"]
[PlyCount "83"]
[WhiteFideId "16232755"]
[BlackFideId "16209745"]
[EventCountry "GER"]
[EventRounds "9"]
[EventType "swiss"]
[EventDate "2019.06.08"]

1. e4 c5 2. Nf3 Nc6 3. d4 cxd4 4. Nxd4 Nf6 5. Nc3 e5 6. Ndb5 d6 7. Bg5 a6 8.
Na3 b5 9. Nd5 Be7 10. Bxf6 Bxf6 11. c4 b4 12. Nc2 a5 13. Be2 O-O 14. O-O Bg5
15. Qd3 Be6 16. Rfd1 Ra7 17. Bf3 g6 18. Qe2 Kh8 19. b3 f5 20. Rd3 f4 21. Bg4
Qc8 22. Bxe6 Qxe6 23. Rad1 Bd8 24. a3 bxa3 25. Nxa3 Nd4 26. Qf1 f3 27. Nb5 fxg2
28. Qxg2 Nxb5 29. cxb5 Rb7 30. Ne3 Bb6 31. Rd5 Bxe3 32. fxe3 Rfb8 33. Rxd6 Qxb3
34. Qf2 Rf7 35. Qe2 Qxb5 36. Qxb5 Rxb5 37. R6d5 Rfb7 38. Ra1 Rxd5 39. exd5 e4
40. Rxa5 Kg7 41. Ra4 Rd7 42. Rxe4 1/2-1/2

[Event "DEM U12 2019"]
[Site "Willingen GER"]
[Date "2019.06.12"]
[Round "5"]
[White "Bock, Marlon"]
[Black "Winkler, Yonathan"]
[Result "1-0"]
[Termination "normal"]
[Board "19"]
[WhiteElo "1596"]
[BlackElo "1536"]
[PlyCount "85"]
[WhiteFideId "16244931"]
[BlackFideId "16266080"]
[EventCountry "GER"]
[EventRounds "9"]
[EventType "swiss"]
[EventDate "2019.06.08"]

1. b3 d5 2. Bb2 Nf6 3. e3 e6 4. Nf3 Nbd7 5. d4 Bd6 6. Bd3 O-O 7. O-O Re8 8. Ne5
c5 9. f4 cxd4 10. exd4 Qb6 11. Qe2 Nf8 12. Nd2 N6d7 13. c4 dxc4 14. Ndxc4 Qc7
15. Rac1 f6 16. Nxd6 Qxd6 17. Nc4 Qe7 18. Ba3 Qd8 19. Nd6 Nb6 20. Nxe8 Qxe8 21.
Bb5 Bd7 22. Bxd7 Qxd7 23. Rfd1 Nd5 24. Qf2 Qf7 25. Rd2 Ng6 26. Rdc2 Qd7 27. g3
Re8 28. Bc5 b6 29. Ba3 e5 30. dxe5 fxe5 31. f5 Nge7 32. Bxe7 Rxe7 33. Rd1 Qb5
34. Rc8+ Kf7 35. Qf3 Nf6 36. Qa8 Re8 37. Qxa7+ Kf8 38. Rc7 Nh5 39. Rdd7 Qc5+
40. Rxc5 bxc5 41. Qxc5+ Kg8 42. Qd5+ Kh8 43. Rd8 1-0

[Event "DEM U12 2019"]
[Site "Willingen GER"]
[Date "2019.06.12"]
[Round "5"]
[White "Fuhrmann, Bahne"]
[Black "Gerdes, Jannes"]
[Result "1-0"]
[Termination "normal"]
[Board "20"]
[WhiteElo "1659"]
[BlackElo "1517"]
[PlyCount "103"]
[WhiteFideId "16244842"]
[BlackFideId "16254627"]
[EventCountry "GER"]
[EventRounds "9"]
[EventType "swiss"]
[EventDate "2019.06.08"]

1. Nf3 d5 2. d4 Nf6 3. c4 e6 4. cxd5 exd5 5. Nc3 a6 6. Bg5 Be6 7. e3 Bd6 8. Qb3
Nbd7 9. Bxf6 Nxf6 10. Qxb7 Rb8 11. Qxa6 Rxb2 12. Bb5+ Nd7 13. O-O O-O 14. Bxd7
Qxd7 15. Rab1 Rxb1 16. Rxb1 f6 17. Qb5 c6 18. Qb7 Rb8 19. Qxd7 Rxb1+ 20. Nxb1
Bxd7 21. Nc3 Bb4 22. Na4 Bf5 23. Nc5 Bb1 24. a4 Bc2 25. Kf1 Kf7 26. Ke2 Bxc5
27. dxc5 Bxa4 28. Nd4 g6 29. Kd3 Ke7 30. Kc3 Kd7 31. Kb4 Bd1 32. f3 h5 33. Ka5
g5 34. Kb6 Ba4 35. g3 h4 36. f4 gxf4 37. gxf4 h3 38. Kb7 f5 39. Nxf5 Ke6 40.
Nd4+ Kf6 41. Kc7 Bb5 42. Kd6 Ba4 43. Nxc6 Kf5 44. Kxd5 Bxc6+ 45. Kxc6 Ke4 46.
Kd6 Kxe3 47. Ke5 Kf3 48. c6 Kg2 49. c7 Kxh2 50. c8=Q Kg2 51. Qxh3+ Kxh3 52. f5
1-0

[Event "DEM U12 2019"]
[Site "Willingen GER"]
[Date "2019.06.12"]
[Round "5"]
[White "Phan Trong, Dai"]
[Black "Walter, Alexander"]
[Result "0-1"]
[Termination "normal"]
[Board "21"]
[WhiteElo "1657"]
[BlackElo "1642"]
[PlyCount "60"]
[WhiteFideId "16236939"]
[BlackFideId "16227620"]
[EventCountry "GER"]
[EventRounds "9"]
[EventType "swiss"]
[EventDate "2019.06.08"]

1. c4 e5 2. Nc3 Nf6 3. g3 d5 4. cxd5 Nxd5 5. Bg2 Nb6 6. Nf3 Nc6 7. O-O Be7 8.
a3 O-O 9. b4 a6 10. d3 Be6 11. Bb2 Kh8 12. Qd2 Qd7 13. Bh1 Rae8 14. Rac1 Qd8
15. Ne4 f6 16. Nc5 Bxc5 17. bxc5 Nd5 18. Rfd1 Qd7 19. Rb1 b5 20. cxb6 cxb6 21.
a4 Rb8 22. Ba3 Rfd8 23. Rdc1 a5 24. Ne1 Ndb4 25. Nc2 Nxc2 26. Qxc2 Nd4 27. Qd1
Bg4 28. f3 Be6 29. e3 Nf5 30. e4 Qd4+ 0-1

[Event "DEM U12 2019"]
[Site "Willingen GER"]
[Date "2019.06.12"]
[Round "5"]
[White "Kageler, Anton Paul"]
[Black "Meuer, David"]
[Result "1/2-1/2"]
[Termination "normal"]
[Board "22"]
[WhiteElo "1563"]
[BlackElo "1549"]
[PlyCount "89"]
[WhiteFideId "16244850"]
[BlackFideId "16262964"]
[EventCountry "GER"]
[EventRounds "9"]
[EventType "swiss"]
[EventDate "2019.06.08"]

1. e4 e6 2. d4 d5 3. Nd2 c5 4. exd5 exd5 5. Ngf3 Nf6 6. Bb5+ Nc6 7. O-O Be7 8.
dxc5 Bxc5 9. Nb3 Be7 10. Re1 O-O 11. h3 a6 12. Bf1 Bf5 13. Nbd4 Bg6 14. Bf4 Re8
15. c3 Qb6 16. Nb3 Rad8 17. Be3 Qc7 18. Nbd4 h6 19. Rc1 Nxd4 20. Bxd4 Ne4 21.
c4 Qa5 22. a3 dxc4 23. Rxc4 Ng5 24. Nxg5 Qxg5 25. Qf3 b5 26. Be3 Qf5 27. Qxf5
Bxf5 28. Rc7 Bf6 29. g4 Bg6 30. Re2 Bd3 31. Rd2 Bxf1 32. Rxd8 Rxd8 33. Kxf1
Bxb2 34. Ra7 Bxa3 35. Rxa6 Be7 36. Rb6 b4 37. Ke2 f6 38. Bd2 Rd4 39. f3 Kf7 40.
Rb5 Ke6 41. Ke3 Rd5 42. Rb6+ Kf7 43. Bxb4 Bxb4 44. Rxb4 g5 45. Ra4 1/2-1/2

[Event "DEM U12 2019"]
[Site "Willingen GER"]
[Date "2019.06.12"]
[Round "5"]
[White "Greßler, Christian"]
[Black "Duong, Quang Bach"]
[Result "1-0"]
[Termination "normal"]
[Board "23"]
[WhiteElo "1416"]
[BlackElo "1647"]
[PlyCount "143"]
[WhiteFideId "16244907"]
[BlackFideId "16287045"]
[EventCountry "GER"]
[EventRounds "9"]
[EventType "swiss"]
[EventDate "2019.06.08"]

1. e4 e6 2. d3 d5 3. Nd2 Nf6 4. g3 c5 5. Bg2 Nc6 6. Ngf3 Be7 7. O-O O-O 8. Re1
b5 9. e5 Nd7 10. Nf1 a5 11. Bf4 Qb6 12. h4 Ba6 13. Ng5 h6 14. Nh3 Rfc8 15. Qg4
Bf8 16. Nh2 Qd8 17. Nf3 Kh8 18. Nhg5 Qe8 19. Nh3 Nd8 20. h5 Be7 21. Nh4 Bb7 22.
f3 b4 23. Nf2 a4 24. Qh3 c4 25. d4 Nc6 26. Be3 Ra6 27. g4 Qd8 28. Ng6+ fxg6 29.
hxg6 Qf8 30. g5 Qf5 31. gxh6 Qxh3 32. Bxh3 gxh6 33. f4 Rf8 34. f5 exf5 35. Bxh6
Rg8 36. Bxf5 Nxd4 37. g7+ Rxg7+ 38. Bxg7+ Kxg7 39. Bxd7 Nxc2 40. e6 Nxa1 41.
Rxa1 Bc6 42. Re1 Kf8 43. Re5 Bxd7 44. exd7 Rd6 45. Rf5+ Kg7 46. Ng4 Kg6 47. Rf2
Rxd7 48. Ne5+ Kg5 49. Nxd7 Kh4 50. Rf5 c3 51. bxc3 bxc3 52. Rxd5 Ba3 53. Rd4+
Kg5 54. Rc4 Bb2 55. Nb6 c2 56. Rxc2 Bd4+ 57. Kf1 Bxb6 58. Rc4 Kf5 59. Rxa4 Ke5
60. Rb4 Bd4 61. Ke2 Kd5 62. Kd3 Bf2 63. Rb5+ Kc6 64. Kc4 Be3 65. Re5 Bf4 66.
Re6+ Bd6 67. a4 Kd7 68. Kd5 Bb4 69. Rb6 Ba5 70. Rb7+ Bc7 71. a5 Kd8 72. a6 1-0

[Event "DEM U12 2019"]
[Site "Willingen GER"]
[Date "2019.06.12"]
[Round "5"]
[White "Hagenbeck-Hübert, Jan"]
[Black "Fink, Moritz"]
[Result "1-0"]
[Termination "normal"]
[Board "24"]
[WhiteElo "1574"]
[BlackElo "1392"]
[PlyCount "79"]
[WhiteFideId "16259505"]
[BlackFideId "16235711"]
[EventCountry "GER"]
[EventRounds "9"]
[EventType "swiss"]
[EventDate "2019.06.08"]

1. d4 d5 2. c4 e6 3. Nc3 Nf6 4. Bf4 Bd6 5. Bg3 O-O 6. e3 c6 7. Nf3 Ne4 8. Nxe4
dxe4 9. Bxd6 Qxd6 10. Nd2 f5 11. f3 exf3 12. Nxf3 b6 13. Qb3 Nd7 14. Be2 Bb7
15. O-O c5 16. Rad1 Qc7 17. Qa3 Rad8 18. b3 Rf6 19. Ne1 Rh6 20. g3 Nf6 21. Bf3
g5 22. Nc2 Bxf3 23. Rxf3 g4 24. Rff1 Ne4 25. Qc1 Rh3 26. dxc5 Rxd1 27. Qxd1
Nxg3 28. cxb6 axb6 29. Rf4 Nh5 30. Rxg4+ Kf7 31. Rg2 f4 32. Qg4 Qd6 33. Nd4
Rxe3 34. Qxh5+ Kf8 35. Qh6+ Ke8 36. Rg8+ Kd7 37. Qxh7+ Qe7 38. Rg7 Re1+ 39. Kf2
Kd6 40. Rxe7 1-0